[Event "Oakham Young Masters"]
[Site "Oakham"]
[Date "1988.03.28"]
[Round "1.1"]
[White "Fogarasi, Tibor"]
[Black "Sokolov, Ivan"]
[Result "0-1"]
[WhiteElo "2355"]
[BlackElo "2545"]
[EventDate "1988.03.28"]
[PlyCount "84"]
[Source "John Saunders"]

1.e4 e5 2.Nf3 Nc6 3.Bb5 a6 4.Ba4 Nge7 5.c3 d6 6.O-O Ng6 7.Bxc6+ bxc6 8.d4 
f6 9.Re1 Be7 10.Nbd2 O-O 11.Nf1 Be6 12.Ng3 Qd7 13.b3 Rae8 14.h3 d5 15.dxe5
fxe5 16.Ng5 Bxg5 17.Bxg5 h6 18.Bc1 Qf7 19.f3 Nh4 20.Kh2 Qd7 21.Rf1 Rf7 22.
Ba3 Rf6 23.Bc5 Qf7 24.Qe2 Bc8 25.Rad1 Rg6 26.Be3 h5 27.f4 exf4 28.Rxf4 Qe7
29.Qxh5 Rh6 30.Qe2 Qd6 31.Qf2 Qg6 32.exd5 cxd5 33.Bc5 Kh7 34.Rdd4 Nxg2 35.
Kxg2 Bxh3+ 36.Kg1 Qb1+ 37.Kh2 Bg4+ 38.Kg2 Re2 39.Qxe2 Bxe2 40.Nxe2 Qh1+ 
41.Kf2 Rh2+ 42.Ke3 Qe1 0-1

[Event "Oakham Young Masters"]
[Site "Oakham"]
[Date "1988.03.28"]
[Round "1.2"]
[White "Arnason, Jon"]
[Black "Agnos, Demetrios"]
[Result "1-0"]
[WhiteElo "2510"]
[BlackElo "2340"]
[EventDate "1988.03.28"]
[PlyCount "61"]
[Source "John Saunders"]

1.e4 c5 2.Nf3 d6 3.d4 cxd4 4.Nxd4 Nf6 5.Nc3 g6 6.Be3 Bg7 7.f3 O-O 8.Bc4 
Nc6 9.Qe2 Bd7 10.O-O-O a6 11.g4 Na5 12.Bd3 b5 13.h4 Rc8 14.h5 e5 15.Nb3 
Be6 16.Kb1 Rxc3 17.bxc3 Qc7 18.Bc1 Rc8 19.Bb2 d5 20.hxg6 hxg6 21.g5 Nh5 
22.exd5 Bxd5 23.Bxg6 Nf4 24.Bh7+ Kf8 25.Qf2 Nc4 26.Bc1 Qc6 27.Bf5 Rc7 28.
Rh7 Bxf3 29.Rd8+ Ke7 30.Rg8 Bf8 31.g6 1-0

[Event "Oakham Young Masters"]
[Site "Oakham"]
[Date "1988.03.28"]
[Round "1.3"]
[White "Bruk, Ofer"]
[Black "Garcia Palermo, Carlos Horacio"]
[Result "1/2-1/2"]
[WhiteElo "2340"]
[BlackElo "2505"]
[EventDate "1988.03.28"]
[PlyCount "56"]
[Source "John Saunders"]

1.Nf3 d5 2.d4 Nf6 3.c4 e6 4.Nc3 Be7 5.Bg5 h6 6.Bh4 O-O 7.e3 b6 8.cxd5 Nxd5
9.Bxe7 Qxe7 10.Rc1 Bb7 11.Be2 Nf6 12.O-O Nbd7 13.Qa4 c5 14.Rfd1 Rfc8 15.
dxc5 Nxc5 16.Qa3 Kf8 17.Ne5 Na6 18.Qxe7+ Kxe7 19.Nb5 Rc5 20.Rxc5 Nxc5 21.
b4 Ncd7 22.Nxd7 Nxd7 23.f3 a5 24.bxa5 Rxa5 25.Rd2 Bd5 26.Nc3 Bc6 27.Kf2 
Rc5 28.Nd1 f5 1/2-1/2

[Event "Oakham Young Masters"]
[Site "Oakham"]
[Date "1988.03.28"]
[Round "1.4"]
[White "Gelfand, Boris"]
[Black "Dunnington, Angus"]
[Result "1-0"]
[WhiteElo "2505"]
[BlackElo "2330"]
[EventDate "1988.03.28"]
[PlyCount "93"]
[Source "John Saunders"]

1.d4 Nf6 2.c4 d6 3.Nf3 Nbd7 4.Nc3 c6 5.e4 e5 6.Be2 Be7 7.O-O O-O 8.Qc2 Qe8
9.b3 Bd8 10.Ba3 exd4 11.Nxd4 Nc5 12.Rfe1 Bb6 13.Rad1 Ng4 14.Qd2 Qe5 15.
Bxg4 Bxg4 16.f3 Bd7 17.Kh1 Rad8 18.Nce2 Bc8 19.b4 Na6 20.Bb2 Qe7 21.Ng3 
Bxd4 22.Qxd4 f6 23.a3 c5 24.Qc3 Qf7 25.Nf1 cxb4 26.axb4 Be6 27.Ne3 Rc8 28.
Rd4 Nc7 29.Qd3 Na6 30.Ba3 Rc7 31.Rc1 Rfc8 32.Rxd6 h6 33.c5 Nb8 34.f4 Re8 
35.f5 Bc8 36.Nd5 Rd7 37.b5 a6 38.Bb2 axb5 39.Qg3 Rxd6 40.cxd6 Kh8 41.Rc7 
Bd7 42.Qh4 Na6 43.Rxd7 Qxd7 44.Nxf6 Qd8 45.Qh5 Rf8 46.Ne8 Kg8 47.Qg6 1-0

[Event "Oakham Young Masters"]
[Site "Oakham"]
[Date "1988.03.28"]
[Round "1.5"]
[White "Schlosser, Michael"]
[Black "Rechlis, Gad"]
[Result "0-1"]
[WhiteElo "2330"]
[BlackElo "2475"]
[EventDate "1988.03.28"]
[PlyCount "94"]
[Source "John Saunders"]

1.e4 c5 2.Nf3 Nc6 3.d4 cxd4 4.Nxd4 Nf6 5.Nc3 d6 6.Bc4 e6 7.Be3 a6 8.Qe2 
Be7 9.O-O-O Qc7 10.Rhg1 Na5 11.Bd3 b5 12.g4 b4 13.Na4 Nd7 14.b3 Nc5 15.Nb2
Bb7 16.f3 O-O 17.g5 d5 18.exd5 Bxd5 19.Rg3 g6 20.Qf2 e5 21.Ne2 Rfc8 22.Ng1
Naxb3+ 23.axb3 Bxb3 24.Bc4 Bxc4 25.Nxc4 b3 26.Rg4 e4 27.Rd4 Rab8 28.Bf4 
Qb7 29.c3 Na4 30.Bxb8 b2+ 31.Nxb2 Rxc3+ 32.Kb1 Nxb2 33.Qxb2 Rb3 34.Rd2 
Qxb8 35.Rxe4 Rxb2+ 36.Rxb2 Qd8 37.h4 a5 38.Nh3 Bb4 39.Nf2 Kg7 40.Ng4 Qd3+ 
41.Ka2 Qxf3 42.Nf6 Qa3+ 43.Kb1 Qd3+ 44.Ka2 Bc3 45.Rf2 Bd4 46.Ne8+ Kf8 47.
Rxf7+ Kg8 0-1

[Event "Oakham Young Masters"]
[Site "Oakham"]
[Date "1988.03.28"]
[Round "1.6"]
[White "Plaskett, Harold James"]
[Black "Tozer, Richard"]
[Result "1-0"]
[WhiteElo "2465"]
[BlackElo "2255"]
[EventDate "1988.03.28"]
[PlyCount "53"]
[Source "John Saunders"]

1.Nf3 Nf6 2.c4 e6 3.Nc3 d5 4.d4 dxc4 5.e3 c5 6.Bxc4 Nc6 7.O-O Be7 8.Qe2 
cxd4 9.exd4 O-O 10.Rd1 Nb4 11.Ne5 Nbd5 12.Rd3 Bd7 13.Rg3 Kh8 14.Bg5 Bc6 
15.Rh3 Kg8 16.Re1 Rc8 17.Bd3 h6 18.Bxh6 gxh6 19.Rxh6 Nxc3 20.Qe3 Nce4 21.
Qh3 Kg7 22.Nxc6 Rxc6 23.Bxe4 Nxe4 24.Rh7+ Kf6 25.Qh6+ Kf5 26.g4+ Kxg4 27.
Rxe4+ 1-0

[Event "Oakham Young Masters"]
[Site "Oakham"]
[Date "1988.03.28"]
[Round "1.7"]
[White "Rossiter, Philip"]
[Black "Flear, Glenn Curtis"]
[Result "1-0"]
[WhiteElo "2330"]
[BlackElo "2460"]
[EventDate "1988.03.28"]
[PlyCount "79"]
[Source "John Saunders"]

1.d4 d5 2.c4 c6 3.Nc3 Nf6 4.Nf3 dxc4 5.a4 Bf5 6.Ne5 e6 7.f3 Bb4 8.Bg5 h6 
9.Bh4 c5 10.dxc5 Qa5 11.Qd4 O-O 12.e4 Rd8 13.Qxc4 Na6 14.Nd3 Bh7 15.Bf2 
Rac8 16.Nxb4 Nxb4 17.Rc1 a6 18.Be2 Nd7 19.O-O Nxc5 20.Nb1 b5 21.axb5 axb5 
22.Qc3 Qa4 23.b3 Qa2 24.Qxb4 Nxe4 25.fxe4 Rxc1 26.Rxc1 Qxe2 27.Nc3 Qb2 28.
Rd1 Rxd1+ 29.Nxd1 Qb1 30.Qd2 Bxe4 31.Qe1 Qxb3 32.Qxe4 Qxd1+ 33.Be1 g6 34.
Kf2 Qb3 35.Qd4 Qc2+ 36.Bd2 g5 37.Ke2 Qa2 38.Ke3 Qb3+ 39.Bc3 Kf8 40.Qd8# 
1-0

[Event "Oakham Young Masters"]
[Site "Oakham"]
[Date "1988.03.28"]
[Round "1.8"]
[White "Norwood, David Robert"]
[Black "Thomas, Ian"]
[Result "1/2-1/2"]
[WhiteElo "2460"]
[BlackElo "2315"]
[EventDate "1988.03.28"]
[PlyCount "77"]
[Source "John Saunders"]

1.Nf3 f5 2.g3 Nf6 3.Bg2 d6 4.d4 g6 5.O-O Bg7 6.Nbd2 O-O 7.Re1 Nc6 8.e4 
fxe4 9.Nxe4 Nxe4 10.Rxe4 Bf5 11.Rh4 Bf6 12.d5 Ne5 13.Ng5 e6 14.f4 Bxg5 15.
fxg5 exd5 16.Qxd5+ Rf7 17.Qxb7 c6 18.Qb3 Rb8 19.Qc3 Qb6+ 20.Qd4 Bxc2 21.
Qxb6 Rxb6 22.Bf4 Rxb2 23.Bxe5 dxe5 24.Bxc6 Kg7 25.Rc1 Rb1 26.Rxb1 Bxb1 27.
Bd5 Rd7 28.Rb4 Bxa2 29.Bxa2 Rd1+ 30.Kf2 Rd2+ 31.Ke3 Rxa2 32.Rb7+ Kg8 33.h4
Ra5 34.Ke4 a6 35.Ra7 Kh8 36.g4 Kg8 37.h5 Ra4+ 38.Kxe5 Rxg4 39.Ra8+ 1/2-1/2

[Event "Oakham Young Masters"]
[Site "Oakham"]
[Date "1988.03.28"]
[Round "1.10"]
[White "Conquest, Stuart"]
[Black "Ward, Christopher"]
[Result "1/2-1/2"]
[WhiteElo "2445"]
[BlackElo "2310"]
[EventDate "1988.03.28"]
[PlyCount "93"]
[Source "John Saunders"]

1.d4 Nf6 2.c4 e6 3.Nf3 c5 4.d5 b5 5.Bg5 bxc4 6.Nc3 d6 7.e4 e5 8.Bxc4 Nbd7 
9.O-O Be7 10.Bb5 O-O 11.Re1 Rb8 12.Rb1 Ne8 13.Be3 Nc7 14.Bc6 a6 15.a3 f5 
16.b4 cxb4 17.axb4 Nb6 18.Qb3 Kh8 19.exf5 Bxf5 20.Rbc1 Bg6 21.Nd2 Bg5 22.
Bxg5 Qxg5 23.Nce4 Qe7 24.Re2 Rbc8 25.Nc3 Ne6 26.dxe6 Rxc6 27.Ra1 Bf5 28.
Rxa6 Bxe6 29.Qa3 Rfc8 30.Ra7 Rxc3 31.Rxe7 Rxa3 32.Rxe6 Ra1+ 33.Nf1 Kg8 34.
f4 exf4 35.Rxd6 Rcc1 36.Rf2 Nc4 37.Rd8+ Kf7 38.Rxf4+ Ke7 39.Rc8 Nd2 40.
Rxc1 Rxc1 41.Rf2 Nc4 42.h4 Rb1 43.Kh2 Rxb4 44.Rf4 Rb1 45.h5 Nd6 46.Ne3 Rb5
47.g4 1/2-1/2

[Event "Oakham Young Masters"]
[Site "Oakham"]
[Date "1988.03.28"]
[Round "1.11"]
[White "Hennigan, Michael"]
[Black "Horvath, Csaba"]
[Result "0-1"]
[WhiteElo "2300"]
[BlackElo "2445"]
[EventDate "1988.03.28"]
[PlyCount "84"]
[Source "John Saunders"]

1.e4 c5 2.Nf3 Nc6 3.d4 cxd4 4.Nxd4 e6 5.Nc3 Qc7 6.Be3 Nf6 7.Be2 a6 8.O-O 
Bb4 9.Na4 Be7 10.Nxc6 bxc6 11.Nb6 Rb8 12.Nxc8 Qxc8 13.e5 Nd5 14.Bd4 c5 15.
c4 cxd4 16.cxd5 Qc5 17.Bxa6 Qxd5 18.Qe2 O-O 19.Bc4 Qb7 20.Rab1 d6 21.f4 
dxe5 22.fxe5 Bg5 23.b4 Be3+ 24.Kh1 Qc7 25.a4 Qxe5 26.a5 Qc7 27.Qa2 Rfc8 
28.Bd3 Qd6 29.a6 Qb6 30.Be4 Rc7 31.b5 g6 32.Rfd1 Rd8 33.Ra1 Ra7 34.Qa5 Rd6
35.Bc6 d3 36.Qa3 Bc5 37.Qb3 Rxc6 38.Rxd3 Rc8 39.Rc1 Rac7 40.Rdc3 Bd6 41.a7
Qxa7 42.Rxc7 Rxc7 0-1

[Event "Oakham Young Masters"]
[Site "Oakham"]
[Date "1988.03.28"]
[Round "1.12"]
[White "Blatny, Pavel"]
[Black "Bellini, Fabio"]
[Result "1/2-1/2"]
[WhiteElo "2440"]
[BlackElo "2300"]
[EventDate "1988.03.28"]
[PlyCount "236"]
[Source "John Saunders"]

1.d4 Nf6 2.c3 b6 3.Bg5 e6 4.Nd2 Bb7 5.e4 h6 6.Bxf6 Qxf6 7.Bd3 d6 8.Ngf3 
Nd7 9.Qe2 g6 10.Ba6 Bxa6 11.Qxa6 Bg7 12.O-O O-O 13.Rfe1 Qd8 14.Rad1 c6 15.
Nf1 d5 16.N3d2 Qc8 17.Qd3 dxe4 18.Nxe4 Qc7 19.Qh3 Rad8 20.Ne3 Qf4 21.Nd2 
Nf6 22.Nec4 Qc7 23.Nb3 Nd5 24.Ncd2 c5 25.Nf3 cxd4 26.Nfxd4 e5 27.Ne2 Rfe8 
28.Qg4 b5 29.Rc1 e4 30.Ned4 Qf4 31.Qe2 e3 32.f3 b4 33.g3 Qd6 34.Nb5 Qb6 
35.c4 a6 36.Rcd1 axb5 37.cxd5 Rd6 38.Rd3 Red8 39.Red1 Qb7 40.Na5 Qb6 41.
Nc6 Re8 42.Nxb4 Bxb2 43.Kg2 Bf6 44.Nc2 Qc5 45.Nxe3 Bd8 46.Qd2 Bb6 47.Rc1 
Qxe3 48.Rxe3 Bxe3 49.Qb4 Rxd5 50.Re1 Re6 51.Re2 Bg5 52.Rxe6 fxe6 53.Qc3 h5
54.Qc7 Bf6 55.f4 Rd2+ 56.Kh3 Rxa2 57.Qd7 Re2 58.Qxb5 Re1 59.Qd7 Bg7 60.Qd2
Ra1 61.Qd3 Kh7 62.Qe2 Ra5 63.Qxe6 Rf5 64.Qe7 Kg8 65.Kg2 Bh6 66.Kf3 Rf7 67.
Qe8+ Kg7 68.Qe1 Kg8 69.Qb1 Kg7 70.Ke4 Rf5 71.Qb7+ Kg8 72.Qc7 Rf7 73.Qc4 
Kg7 74.Ke5 Rf5+ 75.Ke6 Rf6+ 76.Ke7 Rf5 77.Qd4+ Kg8 78.Ke6 Rf7 79.Qa1 Rf5 
80.Qa4 Kg7 81.Qd7+ Kg8 82.h3 Rf8 83.Qd5 Rf5 84.Qc4 Kg7 85.Qc7+ Kg8 86.Qc2 
Kg7 87.Qb2+ Kg8 88.Qc3 Rf8 89.Qc4 Rf5 90.Ke7+ Kg7 91.Qe6 Kh7 92.Kd7 Kg7 
93.Ke8 Kh7 94.Qd6 Kg7 95.Qa3 Kg8 96.Qb3+ Kg7 97.Qc3+ Kg8 98.Qc4+ Kg7 99.
Qd4+ Kg8 100.Qc4+ Kg7 101.Ke7 Kh7 102.Qe6 Bf8+ 103.Kd7 Bh6 104.Ke8 Rf8+ 
105.Ke7 Rf5 106.h4 Bf8+ 107.Ke8 Bg7 108.Qc4 Rf8+ 109.Ke7 Rf5 110.Qe4 Ra5 
111.Qe2 Rf5 112.Qc4 Bf8+ 113.Ke8 Bg7 114.Qb4 Rd5 115.Qe7 Rf5 116.Kd7 Rd5+ 
117.Ke6 Rf5 118.Qd7 Ra5 1/2-1/2

[Event "Oakham Young Masters"]
[Site "Oakham"]
[Date "1988.03.28"]
[Round "1.13"]
[White "Navrotescu, Catalin"]
[Black "Schulte, Oliver"]
[Result "0-1"]
[WhiteElo "2280"]
[BlackElo "2440"]
[EventDate "1988.03.28"]
[PlyCount "60"]
[Source "John Saunders"]

1.d4 Nf6 2.c4 e6 3.Nc3 Bb4 4.e3 b6 5.Nf3 Ne4 6.Qc2 Bb7 7.Bd3 Bxc3+ 8.bxc3 
f5 9.O-O O-O 10.Rb1 Rf6 11.Ne1 Rh6 12.g3 Rf6 13.f3 Nd6 14.Ng2 Nc6 15.c5 
Nf7 16.e4 fxe4 17.Bxe4 h6 18.f4 Na5 19.Bh7+ Kh8 20.Ne3 Qf8 21.Ng4 Ng5 22.
Re1 Nxh7 23.Nxf6 Qxf6 24.Be3 Ng5 25.fxg5 Qf3 26.Re2 Be4 27.Rf1 Qh1+ 28.Kf2
Rf8+ 29.Bf4 Qxf1+ 30.Kxf1 Bxc2 0-1

[Event "Oakham Young Masters"]
[Site "Oakham"]
[Date "1988.03.28"]
[Round "1.14"]
[White "Adams, Michael"]
[Black "Quillan, Gary"]
[Result "1-0"]
[WhiteElo "2430"]
[BlackElo "2275"]
[EventDate "1988.03.28"]
[PlyCount "107"]
[Source "John Saunders"]

1.e4 e6 2.d4 d5 3.Nd2 Nf6 4.e5 Nfd7 5.c3 c5 6.f4 Nc6 7.Ndf3 Qb6 8.g3 cxd4 
9.cxd4 Bb4+ 10.Kf2 g5 11.fxg5 Ndxe5 12.Nxe5 Nxe5 13.Be3 Nc6 14.Nf3 Bf8 15.
Qd2 Bg7 16.Kg2 Bd7 17.Rc1 Rd8 18.Bf2 O-O 19.Bd3 f5 20.Rhe1 Rde8 21.Bb1 Re7
22.Rc3 Be8 23.Rb3 Qd8 24.Qf4 Bh5 25.Qh4 Qe8 26.h3 Na5 27.Rc3 Nc4 28.g4 Bg6
29.gxf5 Bxf5 30.Bxf5 Rxf5 31.b3 Nd6 32.Rec1 Qg6 33.Bg3 Ne4 34.Rc8+ Re8 35.
Qg4 Rff8 36.R8c7 Rf7 37.Rxf7 Qxf7 38.h4 Qd7 39.Ne5 Qd6 40.Qh5 Rf8 41.Rc8 
Rxc8 42.Qf7+ Kh8 43.Ng6+ hxg6 44.Bxd6 Rc2+ 45.Kh3 Nxd6 46.Qxe6 Nf5 47.Qxg6
Nxd4 48.h5 Rc3+ 49.Kg4 Nf3 50.Qe8+ Kh7 51.h6 Nh2+ 52.Kh4 Bd4 53.Qf7+ Kh8 
54.g6 1-0

[Event "Oakham Young Masters"]
[Site "Oakham"]
[Date "1988.03.28"]
[Round "1.15"]
[White "Badulescu, Cristina"]
[Black "Stratil, Ladislav jr"]
[Result "1/2-1/2"]
[WhiteElo "2255"]
[BlackElo "2430"]
[EventDate "1988.03.28"]
[PlyCount "67"]
[Source "John Saunders"]

1.e4 c6 2.Nf3 g6 3.d4 Bg7 4.Bd3 d6 5.h3 Nf6 6.O-O O-O 7.Be3 Nbd7 8.Qd2 e5 
9.c3 d5 10.Nxe5 Nxe4 11.Bxe4 dxe4 12.Nxd7 Bxd7 13.Bh6 Qh4 14.Bxg7 Kxg7 15.
c4 Rae8 16.Nc3 f5 17.f4 exf3 18.Rxf3 Rf7 19.Raf1 Rfe7 20.Qf2 Qxf2+ 21.
R3xf2 b5 22.cxb5 cxb5 23.a3 Re6 24.Rd2 a5 25.Kf2 Bc6 26.Rc1 Rd6 27.Ne2 Kf6
28.Rc5 Red8 29.b4 axb4 30.axb4 Bd5 31.Rxb5 Bc4 32.Rb7 Bxe2 33.Kxe2 Rxd4 
34.Rxd4 1/2-1/2

[Event "Oakham Young Masters"]
[Site "Oakham"]
[Date "1988.03.28"]
[Round "1.16"]
[White "Janjgava, Lasha"]
[Black "Burgess, Mark"]
[Result "1/2-1/2"]
[WhiteElo "2425"]
[BlackElo "2250"]
[EventDate "1988.03.28"]
[PlyCount "60"]
[Source "John Saunders"]

1.d4 Nf6 2.c4 e6 3.Nf3 Bb4+ 4.Bd2 Qe7 5.g3 Nc6 6.Bg2 Bxd2+ 7.Nbxd2 d6 8.
O-O O-O 9.e4 a5 10.d5 Nb8 11.dxe6 Bxe6 12.Qc2 Nc6 13.Rae1 Nd7 14.Nh4 Qf6 
15.Re3 a4 16.h3 Ra5 17.Kh2 Qd4 18.a3 Re8 19.Rc3 Nb6 20.f4 Qf6 21.e5 dxe5 
22.f5 Bc8 23.Ne4 Qh6 24.f6 Nd4 25.Qf2 g6 26.Nf3 Nxf3+ 27.Qxf3 Bd7 28.c5 
Nc8 29.Rd1 Bc6 30.Qg4 Qf8 1/2-1/2

[Event "Oakham Young Masters"]
[Site "Oakham"]
[Date "1988.03.28"]
[Round "1.17"]
[White "Trabert, Bettina"]
[Black "Brunner, Lucas"]
[Result "0-1"]
[WhiteElo "2230"]
[BlackElo "2415"]
[EventDate "1988.03.28"]
[PlyCount "96"]
[Source "John Saunders"]

1.e4 e6 2.d4 d5 3.exd5 exd5 4.Nc3 Bb4 5.Bd3 Nc6 6.Ne2 Nge7 7.O-O Bf5 8.Bf4
Bxc3 9.bxc3 O-O 10.c4 Bxd3 11.Qxd3 Qd7 12.Rab1 dxc4 13.Qxc4 Rad8 14.c3 Nd5
15.Bg3 Rfe8 16.Nf4 Nb6 17.Qd3 Ne5 18.Qc2 Nec4 19.Rbe1 Qa4 20.Qxa4 Nxa4 21.
Bh4 f6 22.Ne6 Rd7 23.Nc5 Rxe1 24.Rxe1 Nxc5 25.dxc5 Rd5 26.c6 b6 27.f3 Ne5 
28.Bg3 Rc5 29.Re3 Kf7 30.Kf2 Rxc6 31.Bxe5 fxe5 32.Ke2 Rc4 33.Kd3 Ra4 34.
Re2 Ke6 35.Rd2 b5 36.Rb2 c6 37.Rd2 Ra3 38.Rb2 Kd5 39.Kd2 a5 40.Rc2 Kc4 41.
h4 h5 42.g3 g6 43.g4 Kd5 44.Kc1 Ra4 45.Rd2+ Ke6 46.Rg2 Rf4 47.Rg3 hxg4 48.
fxg4 Rf1+ 0-1

[Event "Oakham Young Masters"]
[Site "Oakham"]
[Date "1988.03.28"]
[Round "1.18"]
[White "Thorhallsson, Throestur"]
[Black "Wians, Camille"]
[Result "1-0"]
[WhiteElo "2415"]
[BlackElo "2215"]
[EventDate "1988.03.28"]
[PlyCount "79"]
[Source "John Saunders"]

1.e4 c5 2.Nf3 d6 3.d4 cxd4 4.Nxd4 Nf6 5.Nc3 a6 6.Bg5 Nbd7 7.Bc4 g6 8.Qe2 
b5 9.Bd5 Nxd5 10.exd5 Ne5 11.f4 Bg4 12.Qf2 Nc4 13.O-O Qb6 14.Rae1 Kd7 15.
h3 h6 16.Bh4 Bh5 17.Kh1 Re8 18.Ne4 Bg7 19.c3 Bxd4 20.cxd4 Qb7 21.Nc3 Nb6 
22.Qe3 Nxd5 23.Qe4 e6 24.Bf6 b4 25.Nxd5 Rhg8 26.Ne7 Qxe4 27.Rxe4 Rxe7 28.
Bxe7 f5 29.Re3 Kxe7 30.Rfe1 e5 31.dxe5 d5 32.Rd3 Rd8 33.Rc1 g5 34.Rc7+ Ke6
35.Rc6+ Kf7 36.Rxh6 Be2 37.Rd2 Bc4 38.b3 Bb5 39.fxg5 d4 40.Rd6 1-0

[Event "Oakham Young Masters"]
[Site "Oakham"]
[Date "1988.03.28"]
[Round "1.19"]
[White "Patrat, Alexandre"]
[Black "Stefansson, Hannes Hlifar"]
[Result "1/2-1/2"]
[WhiteElo "2210"]
[BlackElo "2395"]
[EventDate "1988.03.28"]
[PlyCount "80"]
[Source "John Saunders"]

1.e4 d5 2.exd5 Nf6 3.c4 e6 4.d4 exd5 5.Nc3 Bb4 6.Nf3 O-O 7.Be2 dxc4 8.O-O 
Nc6 9.Bg5 h6 10.Bxf6 Qxf6 11.Nd5 Qd6 12.Ne3 c3 13.bxc3 Bxc3 14.Rc1 Bb4 15.
d5 Ne5 16.Qc2 Ba5 17.Nxe5 Qxe5 18.Nc4 Qxd5 19.Rfd1 Qc5 20.Nxa5 Qxa5 21.
Qxc7 Qxa2 22.Bf3 Qb2 23.Qe7 Qf6 24.Qxf6 gxf6 25.Rc7 a5 26.Ra1 a4 27.Ra3 
Be6 28.Rxb7 Rfc8 29.h3 Ra5 30.Rb4 Rc4 31.Rb8+ Kg7 32.Be2 Rc2 33.Bb5 Bb3 
34.Bxa4 Bxa4 35.Rb4 Rf5 36.Rbxa4 Rfxf2 37.Rg3+ Kf8 38.Rh4 f5 39.Rxh6 f4 
40.Rh8+ Ke7 1/2-1/2

[Event "Oakham Young Masters"]
[Site "Oakham"]
[Date "1988.03.28"]
[Round "1.20"]
[White "Brenninkmeijer, Joris"]
[Black "Buecker, Karsten"]
[Result "1-0"]
[WhiteElo "2385"]
[BlackElo "2200"]
[EventDate "1988.03.28"]
[PlyCount "101"]
[Source "John Saunders"]

1.d4 Nf6 2.c4 e6 3.Nf3 b6 4.g3 Bb7 5.Bg2 Bb4+ 6.Bd2 Qe7 7.Nc3 O-O 8.O-O c5
9.d5 Bxc3 10.Bxc3 exd5 11.Nh4 Ne4 12.cxd5 Nxc3 13.bxc3 d6 14.e4 Nd7 15.f4 
g6 16.e5 Rab8 17.exd6 Qxd6 18.c4 Rfe8 19.Qd3 Re7 20.Rae1 Rbe8 21.Rxe7 Rxe7
22.Nf3 a6 23.a4 Bc6 24.Qb3 Bb7 25.Nd2 Nf6 26.Rb1 Re2 27.Qd3 Re7 28.Bf3 Bc8
29.Qb3 Rb7 30.Qc3 Re7 31.Qb2 Rb7 32.Qe5 Qxe5 33.fxe5 Ng4 34.d6 Rb8 35.Bxg4
Bxg4 36.Ne4 Be6 37.Nxc5 Bxc4 38.Nd7 Rb7 39.Nc5 Rb8 40.d7 Rd8 41.Rxb6 Kf8 
42.Kf2 Ke7 43.Ke3 h5 44.Kd4 Bf1 45.e6 Bh3 46.exf7 Kxf7 47.Ke5 Bxd7 48.Rb7 
Ke7 49.Nxd7 Rxd7 50.Rxd7+ Kxd7 51.Kf6 1-0

[Event "Oakham Young Masters"]
[Site "Oakham"]
[Date "1988.03.28"]
[Round "1.21"]
[White "Canfell, Gregory"]
[Black "Sadler, Matthew"]
[Result "0-1"]
[WhiteElo "2200"]
[BlackElo "2385"]
[EventDate "1988.03.28"]
[PlyCount "76"]
[Source "John Saunders"]

1.e4 c5 2.Nf3 d6 3.d4 cxd4 4.Nxd4 Nf6 5.Nc3 a6 6.a4 Nbd7 7.f4 g6 8.Be2 Bg7
9.O-O O-O 10.Kh1 Qc7 11.Be3 e6 12.Bf3 Nb6 13.Bf2 Bd7 14.Qe2 Nc4 15.b3 Na5 
16.Qd2 Rac8 17.Nde2 Rfd8 18.Rad1 Be8 19.f5 b5 20.axb5 axb5 21.Na2 Nc6 22.
Nf4 exf5 23.exf5 Ne5 24.Nb4 Nxf3 25.gxf3 Qd7 26.Nfd5 Nh5 27.Rde1 Bf8 28.
fxg6 hxg6 29.Bh4 Qh3 30.Qg5 Bd7 31.Nb6 Bh6 32.Qxh6 Qxh4 33.Kg1 Qd4+ 34.Qe3
Qxb4 35.Nxc8 Rxc8 36.Re2 Qc5 37.Qxc5 dxc5 38.Rd1 Be6 0-1

[Event "Oakham Young Masters"]
[Site "Oakham"]
[Date "1988.03.28"]
[Round "1.22"]
[White "Howell, James"]
[Black "Morris, Philip"]
[Result "1/2-1/2"]
[WhiteElo "2380"]
[BlackElo "2200"]
[EventDate "1988.03.28"]
[PlyCount "92"]
[Source "John Saunders"]

1.d4 Nf6 2.c4 e6 3.Nc3 Bb4 4.e3 O-O 5.Bd3 c5 6.Ne2 d5 7.cxd5 exd5 8.O-O 
Nc6 9.a3 cxd4 10.exd4 Bd6 11.f3 h6 12.Qe1 Ne7 13.g4 a6 14.Qf2 Nh7 15.Bf4 
Ng5 16.Kg2 b5 17.Bxd6 Qxd6 18.f4 Ne4 19.Nxe4 dxe4 20.Bxe4 Bxg4 21.Bxa8 
Rxa8 22.Ng3 Qd5+ 23.Kg1 Ng6 24.Rac1 Rd8 25.Rc5 Qxd4 26.Qxd4 Rxd4 27.f5 Nh4
28.Rc2 Bh3 29.Rfc1 Nxf5 30.Rc8+ Kh7 31.Nxf5 Bxf5 32.Rf8 Be6 33.Rc2 a5 34.
Rb8 Bc4 35.Rb7 a4 36.Kf2 Rd3 37.Ke1 Rh3 38.Rf2 g6 39.Kd2 Kg7 40.Re7 Rb3 
41.Kc2 h5 42.h4 Rg3 43.Rf4 Bb3+ 44.Kd2 Rg2+ 45.Re2 Rg3 46.Re3 Rg2+ 1/2-1/2

[Event "Oakham Young Masters"]
[Site "Oakham"]
[Date "1988.03.28"]
[Round "1.23"]
[White "Flear, Christine"]
[Black "Madl, Ildiko"]
[Result "1-0"]
[WhiteElo "2185"]
[BlackElo "2380"]
[EventDate "1988.03.28"]
[PlyCount "135"]
[Source "John Saunders"]

1.d4 Nf6 2.c4 e6 3.g3 c5 4.Nf3 cxd4 5.Nxd4 Bb4+ 6.Bd2 Qb6 7.e3 Ne4 8.Bg2 
Nxd2 9.Nxd2 Nc6 10.Nf3 Be7 11.Rb1 d5 12.O-O O-O 13.b4 dxc4 14.Nxc4 Qc7 15.
b5 Nb4 16.Qb3 e5 17.Nfxe5 Be6 18.a3 f6 19.Bh3 Qxe5 20.Nxe5 Bxb3 21.Rxb3 
fxe5 22.axb4 Rad8 23.Rb2 Rf6 24.Ra1 Rb6 25.Bf1 a6 26.bxa6 bxa6 27.Rxa6 
Rxb4 28.Rxb4 Bxb4 29.Bc4+ Kf8 30.Ra7 Be7 31.Kg2 Rd2 32.Kf3 Bf6 33.Ra2 Rxa2
34.Bxa2 g6 35.Ke4 Bg7 36.f4 exf4 37.gxf4 Bb2 38.Kf3 Bc1 39.e4 Bd2 40.h3 
Bc1 41.Kg4 Bd2 42.Bc4 Be3 43.h4 Bd2 44.h5 gxh5+ 45.Kf5 h4 46.Bf1 Ke7 47.e5
Bc1 48.Ke4 Bd2 49.f5 Bg5 50.Bh3 Kf7 51.Bg4 Ke7 52.Kd5 h6 53.Bh3 h5 54.Kc6 
Bd2 55.f6+ Kf7 56.Kd7 Bb4 57.Bf1 Ba3 58.Bc4+ Kg6 59.Be6 h3 60.Bxh3 Kf7 61.
Be6+ Kf8 62.Bd5 Bb2 63.Ke6 h4 64.Kf5 h3 65.e6 Ba3 66.Kg4 h2 67.Kg3 Bd6+ 
68.Kg2 1-0

[Event "Oakham Young Masters"]
[Site "Oakham"]
[Date "1988.03.28"]
[Round "1.24"]
[White "McDonald, Neil R."]
[Black "Szmigielska, Anna"]
[Result "1-0"]
[WhiteElo "2375"]
[BlackElo "2110"]
[EventDate "1988.03.28"]
[PlyCount "51"]
[Source "John Saunders"]

1.Nf3 d5 2.g3 Nf6 3.Bg2 c6 4.c4 dxc4 5.Na3 Bf5 6.Nxc4 Nbd7 7.O-O Nb6 8.Na5
Qc7 9.d3 Nbd7 10.Bd2 e5 11.Rc1 Be7 12.b4 a6 13.Qb3 Be6 14.Qb2 Nd5 15.e4 
N5b6 16.d4 exd4 17.Nxd4 Qe5 18.f4 Na4 19.Qa1 Qc7 20.f5 Bxa2 21.Qxa2 Qb6 
22.Nb3 Bf6 23.Be3 Qxb4 24.Rfd1 Nc3 25.Qd2 c5 26.Rxc3 1-0

[Event "Oakham Young Masters"]
[Site "Oakham"]
[Date "1988.03.28"]
[Round "1.25"]
[White "Hepworth, Mandy"]
[Black "Gdanski, Jacek"]
[Result "0-1"]
[WhiteElo "2125"]
[BlackElo "2355"]
[EventDate "1988.03.28"]
[PlyCount "72"]
[Source "John Saunders"]

1.e4 e6 2.d4 d5 3.Nd2 Nf6 4.e5 Nfd7 5.Bd3 c5 6.c3 b6 7.Ne2 Ba6 8.Bxa6 Nxa6
9.O-O Nab8 10.Nf3 Be7 11.Re1 Nc6 12.Bf4 b5 13.dxc5 Bxc5 14.Ned4 Qb6 15.Re2
Rc8 16.Rc1 O-O 17.Qd3 Bxd4 18.cxd4 Nb4 19.Qb1 Rxc1+ 20.Bxc1 Rc8 21.b3 h6 
22.a3 Nc6 23.Bb2 Na5 24.Qd3 Rc6 25.Rc2 a6 26.h3 Nb8 27.Bc1 Rxc2 28.Qxc2 
Qc6 29.Qb2 Nxb3 30.Bxh6 Qc4 31.Be3 Nc6 32.Nd2 Nxd2 33.Qxd2 a5 34.Qb2 a4 
35.Qc1 b4 36.axb4 Nxb4 0-1

[Event "Oakham Young Masters"]
[Site "Oakham"]
[Date "1988.03.29"]
[Round "2.2"]
[White "Brunner, Lucas"]
[Black "Arnason, Jon"]
[Result "1-0"]
[WhiteElo "2415"]
[BlackElo "2510"]
[EventDate "1988.03.28"]
[PlyCount "153"]
[Source "John Saunders"]

1.e4 e5 2.Nf3 Nc6 3.Bb5 a6 4.Ba4 Nf6 5.O-O Be7 6.Re1 b5 7.Bb3 d6 8.c3 O-O 
9.h3 Nd7 10.d4 Bf6 11.Be3 Na5 12.Bc2 Nc4 13.Bc1 Bb7 14.b3 Ncb6 15.Be3 exd4
16.cxd4 c5 17.Nbd2 cxd4 18.Bxd4 Ne5 19.Rc1 Re8 20.Bb1 Nbd7 21.Qe2 Rc8 22.
Qe3 g6 23.Rc3 Qa5 24.Rxc8 Rxc8 25.Nh2 Qa3 26.Ndf1 Bg7 27.Qd2 h5 28.Ne3 Bh6
29.Rd1 Nc6 30.Bb2 Qc5 31.Qxd6 Bxe3 32.fxe3 Qxd6 33.Rxd6 Nc5 34.Nf3 Re8 35.
e5 b4 36.Bd4 Ne6 37.Bd3 Rc8 38.Bc4 Ned8 39.Ng5 a5 40.Bb6 a4 41.Bxd8 Nxd8 
42.e6 fxe6 43.Nxe6 Nf7 44.Rb6 Be4 45.Rxb4 axb3 46.Bxb3 Bc2 47.Rc4 Rxc4 48.
Bxc4 Nd6 49.Nd4+ Nxc4 50.Nxc2 Kf7 51.Kf2 Ke6 52.Kf3 Ke5 53.a4 g5 54.Nd4 
g4+ 55.Ke2 Ke4 56.Nc2 g3 57.h4 Na5 58.Na3 Nb3 59.Nc4 Nc1+ 60.Kd2 Nb3+ 61.
Kc3 Nc5 62.a5 Na6 63.Kd2 Kf5 64.Ke2 Kg4 65.Ne5+ Kxh4 66.Kf3 Kg5 67.Kxg3 
Kf5 68.Nc4 Ke4 69.Kh4 Kd3 70.Nb6 Kxe3 71.Kxh5 Kd4 72.g4 Kc5 73.g5 Nc7 74.
g6 Kb5 75.Nc4 Ne8 76.Kh6 Kxc4 77.a6 1-0